000 00733nam a2200217Ii 4500
003 JO-AjNU
008 230605s9999||||xx |||||||||||||| ||und||
020 _a978-614-01-0326-9
040 _aJO-AjNU
_bara
_erda
_cJO-AjNU
041 _aara
050 1 4 _aPN6071.R3734 2012
100 3 _aرشيد، فايز,
_eauthor
_950189
245 0 0 _aالرحلة البيلوروسية في عهدين: رواية في أدب الرحلة
250 _aط1
264 3 1 _aبيروت: الدار العربية للعلوم ناشرون، 2012
300 _a246ص
336 _atext
_btxt
_2rdacontent
337 _aunmediated
_bn
_2rdamedia
338 _avolume
_bnc
_2rdacarrier
650 4 _aالرحلات - اداب - روسيا
_950190
999 _aA22093
_c25661
_d25661